El Juego de los reformismos: frente a la revolución en Centroamérica /

Guardat en:
Dades bibliogràfiques
Autor principal: Assmann, Hugo
Autor corporatiu: Departamento Ecuménico de Investigaciones
Altres autors: Hinkelammert, Franz J. Petras, James F. Solorzano Martínez, Mario
Format: Text
Publicat: San José: DEI
Etiquetes: Afegir etiqueta
Sense etiquetes, Sigues el primer a etiquetar aquest registre!

MARC

LEADER 00000 a a2200000 04500
001 25565
003
040
090 |a 154803  
100 |a Assmann, Hugo  
110 |a Departamento Ecuménico de Investigaciones  
245 |a El Juego de los reformismos: frente a la revolución en Centroamérica /  |c Hugo Assmann 
260 |a San José:   |b DEI  
300 |a 181 p.  
700 |a Hinkelammert, Franz J.   |a Petras, James F.   |a Solorzano Martínez, Mario  
999 |c 15329  |d 15329